Top 5 Songs On Help! (The Beatles) - Statistics

General Stats
  • This quiz has been taken 29 times
  • The average score is 4 of 5
Answer Stats
Hint Answer % Correct
258,625,544 Help!
100%
491,060,148 Yesterday
91%
88,042,265 You've Got To Hide Your Love Away
87%
131,225,043 Ticket To Ride
78%
59,839,007 I've Just Seen A Face
70%
No matching quizzes found
Score Distribution
Percent of People with Each Score
Percentile by Number Answered
Your Score History
You have not taken this quiz